| 000 | 00749nam a2200229 a 4500 | ||
|---|---|---|---|
| 001 | BRCA_944 | ||
| 005 | 20190320203221.0 | ||
| 008 | 970620s1990 mx-a---##b---#000-0#spa-# | ||
| 020 | _a9686285350 | ||
| 040 |
_aDLC _cDLC _dDLC |
||
| 050 | 4 |
_aNA385 _b.A58 1990 |
|
| 100 | 1 |
_aAntaki, Ikram _93121 |
|
| 245 | 1 | 0 |
_aLa tercera cultura _bnuestras raíces islamoárabes _cIkram Antaki ; fotografías de Raúl Olagaray. |
| 260 |
_aMéxico _bComermex _c1990 |
||
| 300 |
_a155 p. _bil. (algunas a color) _c32 cm. |
||
| 504 | _aBibliografía : p. 115 | ||
| 650 | 1 | 4 |
_aArquitectura islámica _zEspaña _93122 |
| 650 | 1 | 4 |
_aArquitectura mudéjar _zEspaña _92006 |
| 650 | 1 | 4 |
_aArquitectura mudéjar _zMéxico _93123 |
| 700 | 1 |
_aOlagaray, Raúl _93124 |
|
| 942 |
_2lcc _cB |
||
| 999 |
_c833 _d833 |
||